Music Quiz

Random Music or Nintendo Quiz

Lines from '70s songs Quiz Stats

Quiz not verified by Sporcle

Challenge
Share
Tweet
Embed
Score 0/19 Timer 10:00
0 Plays Today
Line Artist % Correct
You've been out riding fences for so long nowEagles
69.1%
I'll tip my hat to the new revolutionThe Who
65.8%
You are the apple of my eyeStevie Wonder
62.5%
I met her in a club down in old SohoThe Kinks
59.1%
I was born in the back seat of a Greyhound BusAllman Bros
54%
Chicken in the bread pan/Pick it out doughCharlie Daniels Band
52.3%
If you're out on a date and you bring it home late its a sinLoggins and Messina
52.1%
I was tired of my ladyRupert Holmes
48.1%
If you can't be with the one you wantSteven Stills
46.5%
Young and beautiful/someday your looks will be goneCaptain and Tennille
46%
Line Artist % Correct
Moving ahead so life won't pass me byJim Croce
44.2%
If memories were all I wrote/then I'd rather drive a truckRick Nelson
30.4%
I get about as oiled as a diesel trainElton John
26.7%
Unlucky at love/At least that's what they sayLittle River Band
26.5%
Let the carbon and monoxide choke my thoughts awayHall and Oates
26.5%
And you'll swear you've heard it before/as it slowly rambles onThree Dog Night
22.8%
The pistons keep on churning and the wheels go round and roundDoobie Brothers
22.6%
I was stealin' when I should been buyingUriah Heep
8.6%
You lying so low in the weeds/I bet you gonna ambush meHeart
8.4%

You're not logged in!

Compare scores with friends on all Sporcle quizzes.
Join for Free
OR
Log In

You Might Also Like...

Show Comments

Extras

Created May 27, 2011ReportNominate
Tags:Lyrics Quiz, Nintendo Quiz, 1970s

Top Quizzes Today


Score Distribution

Your Account Isn't Verified!

In order to create a playlist on Sporcle, you need to verify the email address you used during registration. Go to your Sporcle Settings to finish the process.

Report this User

Report this user for behavior that violates our Community Guidelines.

Details: